Statistics for Guess the lyrics (#24)

Click here to take the quiz!

General Stats

  • This quiz has been taken 223 times
  • The average score is 69 of 163

Answer Stats

Answer% Correct
a
97%
I
97%
you
91%
the
88%
me,
80%
me
80%
When
78%
when
78%
In
76%
in
76%
my
71%
It
69%
"What
67%
was
63%
for?"
60%
her
56%
little
48%
from
47%
at
44%
but
44%
them
42%
would
42%
mother
40%
just
37%
baby
35%
get
35%
down
33%
here
32%
Oh
32%
couldn't
31%
old
29%
come
28%
ask
27%
home
26%
make
24%
didn't
21%
fields
19%
rock
19%
cotton
17%
cradle
17%
over
17%
much
13%
very
13%
Louisiana
11%
mile
11%
People
11%
pick
8%
balls
6%
may
5%
rotten
5%
Texarkana
4%
money
3%
sound
3%
Arkansas
2%
funny,
2%

Score Distribution

Percentile by Number Answered

Percent of People with Each Score

Your Score History

You have not taken this quiz